Droga, drogati e drogologi: l'esperienza di un C.M.S.

Guardado en:  
Detalles Bibliográficos
Autor principal: Loiacono, Mariano (Autor)
Otros Autores: Marino, Leon (Ilustrador)
Tipo de documento: Print Libro
Lenguaje:Italiano
Publicado: Foggia Bastogi 1984
En:Año: 1984
Verificar disponibilidad: HBZ Gateway
Servicio de pedido Subito: Pedir ahora.

MARC

LEADER 00000cam a2200000 c 4500
001 1909439266
003 DE-627
005 20250720103547.0
007 tu
008 241125s1984 xx ||||| 00| ||ita c
035 |a (DE-627)1909439266 
035 |a (DE-599)KXP1909439266 
040 |a DE-627  |b ger  |c DE-627  |e rda 
041 |a ita 
100 1 |a Loiacono, Mariano  |e VerfasserIn  |4 aut 
245 1 0 |a Droga, drogati e drogologi  |b l'esperienza di un C.M.S.  |c Mariano Loiacono ; disegni di Leon Marino 
264 1 |a Foggia  |b Bastogi  |c 1984 
300 |a 204 Seiten  |b Illustrationen 
336 |a Text  |b txt  |2 rdacontent 
337 |a ohne Hilfsmittel zu benutzen  |b n  |2 rdamedia 
338 |a Band  |b nc  |2 rdacarrier 
583 1 |a Archivierung prüfen  |c 20250503  |f DE-640  |z 1  |2 pdager 
700 1 |a Marino, Leon  |e IllustratorIn  |4 ill 
935 |a mkri 
951 |a BO 
ELC |b 1 
LOK |0 000 xxxxxcx a22 zn 4500 
LOK |0 001 4622093707 
LOK |0 003 DE-627 
LOK |0 004 1909439266 
LOK |0 005 20241125105926 
LOK |0 008 241125||||||||||||||||ger||||||| 
LOK |0 040   |a DE-Frei85  |c DE-627  |d DE-Frei85 
LOK |0 852   |a DE-Frei85 
LOK |0 852 1  |m p  |9 00 
LOK |0 935   |a reko 
LOK |0 938   |k p 
LOK |0 939   |a 25-11-24  |b l01 
ORI |a SA-MARC-krimdoka001.raw